Statistiques concernant trouve le rappeur avec l'album

Cliquez ici pour prendre le quiz!

Statistiques générales

  • Ce quiz a été pris 257 fois
  • Le résultat moyen est 28 sur 50

Statistiques - réponses

Album/MixtapeRappeur/Groupe% Correct
Deux frèresPNL
97%
PolakPLK
95%
Or noirKaaris
93%
QALFDamso
91%
JVLIVSSCH
91%
Les étoiles vagabondesNekfeu
90%
DestinNInho
89%
J.O.$Josman
86%
CommandoNiska
86%
TrôneBooba
83%
Les derniers salopardsMaes
81%
La fête est finieOrelsan
77%
XeuVald
75%
AkimboZiak
74%
LMFFreeze corleone
72%
BenderoMoha la Squale
70%
CicatricesZola
70%
Double VMister V
69%
TaciturneDinos
63%
Étoile noireLuv Resval
63%
Chaise plianteHatik
62%
UMLAAlpha Wann
61%
JeannineLomepal
61%
Cité blancheLarry
59%
TRAPSTAR 2
Leto
59%
AffranchisSofiane
59%
Adieu bientôtColumbine
57%
Rien 100 rienJul
56%
Trix cityDiddi Trix
53%
140 BPM 2Hamza
52%
Fenêtre sur rueHugo TSR
51%
R.A.SKalash criminel
48%
BLO13 Block
47%
VIIKoba LaD
47%
MexicoDA Uzi
44%
Zone 59Gradur
43%
CalienteTimal
43%
FAMELefa
41%
Double héliceCaballero et Jeanjass
37%
500 KeyKey Largo
34%
Aimons-nous vivantsSadek
31%
OMEGAOboy
29%
Gear 3Youv Dee
27%
Vie d'artiste
4keus
23%
Jeu de couleursFrenetik
21%
RihanNahir
20%
Salut les terriensBolemvn
19%
Jeunes et ambitieuxZikxo
19%
Supernova404Billy
5%
PhantomAladin 135
4%

Distribution des résultats

Percentile par nombre de réponses

% des personnes avec chaque résultat

Votre développement - résultats

Vous n’avez pas pris ce quiz